=LDR 00000nam 2200000 4500 =001 INLIS00000000000004 =005 20260702043538 =020 ##$$a 978-602-52915-1-7 =082 ##$$a 338.173 =100 1#$$a Kurniawati, Khaerani =245 1 $$a Agribisnis Tanaman Perkebunan /$c Khaerani Kurniawati =300 ##$$a vi + 118 ; 14 x 20